<?xml version="1.0" encoding="UTF-8"?>
<collection xmlns="http://www.loc.gov/MARC21/slim">
    <record>
        <controlfield tag="001">63099</controlfield>
        <controlfield tag="005">20171025104457.0</controlfield>
        <datafield tag="024" ind1="8" ind2=" ">
            <subfield code="2">sideral</subfield>
            <subfield code="a">101755</subfield>
        </datafield>
        <datafield tag="037" ind1=" " ind2=" ">
            <subfield code="a">ART-2016-101755</subfield>
        </datafield>
        <datafield tag="041" ind1=" " ind2=" ">
            <subfield code="a">spa</subfield>
        </datafield>
        <datafield tag="100" ind1=" " ind2=" ">
            <subfield code="0">(orcid)0000-0002-9074-2942</subfield>
            <subfield code="a">Taher Kahil, Mohamed</subfield>
            <subfield code="u">Universidad de Zaragoza</subfield>
        </datafield>
        <datafield tag="245" ind1=" " ind2=" ">
            <subfield code="a">El debate sobre las políticas de agua: evidencia empírica de la sequía en el Júcar</subfield>
        </datafield>
        <datafield tag="260" ind1=" " ind2=" ">
            <subfield code="c">2016</subfield>
        </datafield>
        <datafield tag="506" ind1="0" ind2=" ">
            <subfield code="a">Access copy available to the general public</subfield>
            <subfield code="f">Unrestricted</subfield>
        </datafield>
        <datafield tag="520" ind1="3" ind2=" ">
            <subfield code="a">La mala gestión de los recursos hídricos a nivel global es un motivo para reconsiderar las actuales políticas de agua. Los tres enfoques de instrumentos de política de agua son los precios de agua, los mercados de agua, y los instrumentos institucionales basados en la cooperación. En España se utiliza el enfoque institucional basado en la cooperación, la Unión Europea promueve los precios de agua para equilibrar la oferta y la demanda del recurso, y en Australia se han implementado los mercados de agua. Este trabajo compara estos tres tipos de instrumentos de política para afrontar las sequías en la cuenca del Júcar. El análisis indica que el instrumento institucional y el instrumento de mercados de agua tienen resultados similares, lo que demuestra que el actual enfoque institucional no es inferior a los mercados de agua. Otro resultado importante es que el instrumento de precios del agua conlleva unas pérdidas enormes para los agricultores, lo que convierte a esta alternativa en políticamente inviable. Este resultado cuestiona seriamente el énfasis de la Directiva Marco del Agua en el instrumento precios del agua para el regadío.</subfield>
        </datafield>
        <datafield tag="536" ind1=" " ind2=" ">
            <subfield code="9">info:eu-repo/grantAgreement/ES/INIA/RTA2010-00109-C04-01</subfield>
            <subfield code="9">info:eu-repo/grantAgreement/ES/INIA/RTA2014-00050-00-00</subfield>
        </datafield>
        <datafield tag="540" ind1=" " ind2=" ">
            <subfield code="9">info:eu-repo/semantics/openAccess</subfield>
            <subfield code="a">by-nc</subfield>
            <subfield code="u">http://creativecommons.org/licenses/by-nc/3.0/es/</subfield>
        </datafield>
        <datafield tag="655" ind1=" " ind2="4">
            <subfield code="a">info:eu-repo/semantics/article</subfield>
            <subfield code="v">info:eu-repo/semantics/publishedVersion</subfield>
        </datafield>
        <datafield tag="700" ind1=" " ind2=" ">
            <subfield code="a">Albiac Murillo, José</subfield>
        </datafield>
        <datafield tag="700" ind1=" " ind2=" ">
            <subfield code="a">Avellá  Reus, Lorenzo</subfield>
        </datafield>
        <datafield tag="700" ind1=" " ind2=" ">
            <subfield code="0">(orcid)0000-0002-4485-3158</subfield>
            <subfield code="a">Dinar, Ariel</subfield>
            <subfield code="u">Universidad de Zaragoza</subfield>
        </datafield>
        <datafield tag="700" ind1=" " ind2=" ">
            <subfield code="a">Esteban García, Encarna</subfield>
        </datafield>
        <datafield tag="700" ind1=" " ind2=" ">
            <subfield code="a">García Mollá, Marta</subfield>
        </datafield>
        <datafield tag="710" ind1="2" ind2=" ">
            <subfield code="1">4000</subfield>
            <subfield code="2">415</subfield>
            <subfield code="a">Universidad de Zaragoza</subfield>
            <subfield code="b">Departamento de Análisis Económico</subfield>
            <subfield code="c">Fundamentos del Análisis Económico</subfield>
        </datafield>
        <datafield tag="773" ind1=" " ind2=" ">
            <subfield code="g">243 (2016), 115-144</subfield>
            <subfield code="p">Rev. esp. estud. agrosoc. pesq.</subfield>
            <subfield code="t">Revista española de estudios agrosociales y pesqueros</subfield>
            <subfield code="x">1575-1198</subfield>
        </datafield>
        <datafield tag="856" ind1="4" ind2=" ">
            <subfield code="s">322962</subfield>
            <subfield code="u">http://zaguan.unizar.es/record/63099/files/texto_completo.pdf</subfield>
            <subfield code="y">Versión publicada</subfield>
        </datafield>
        <datafield tag="856" ind1="4" ind2=" ">
            <subfield code="s">44884</subfield>
            <subfield code="u">http://zaguan.unizar.es/record/63099/files/texto_completo.jpg?subformat=icon</subfield>
            <subfield code="x">icon</subfield>
            <subfield code="y">Versión publicada</subfield>
        </datafield>
        <datafield tag="909" ind1="C" ind2="O">
            <subfield code="o">oai:zaguan.unizar.es:63099</subfield>
            <subfield code="p">articulos</subfield>
            <subfield code="p">driver</subfield>
        </datafield>
        <datafield tag="951" ind1=" " ind2=" ">
            <subfield code="a">2017-10-24-12:02:55</subfield>
        </datafield>
        <datafield tag="980" ind1=" " ind2=" ">
            <subfield code="a">ARTICLE</subfield>
        </datafield>
    </record>

    
</collection>